Analýza faktorov konkurencieschopnosti krajín V4

Globálna konkurencieschopnosť. Správa o globálnej konkurencieschopnosti. Index globálnej konkurencieschopnosti (Global competitiveness index). Faktory globálnej konkurencieschopnosti. Porovnanie krajín Vyšehradskej štvorky na základe indexu globálnej konkurencieschopnosti. Faktory brániace podnikani...

Descrizione completa

Salvato in:
Dettagli Bibliografici
Autore principale: Romanová, Daniela, 1984-
Natura: Capitolo di libro
Lingua:slovacco
Soggetti:
Tags: Aggiungi Tag
Nessun Tag, puoi essere il primo ad aggiungerne!!

MARC

LEADER 00000nla$a2200000$$$4500
001 0127025
005 20240502072440.5
041 0 |a slo 
044 |a SK 
245 1 0 |a Analýza faktorov konkurencieschopnosti krajín V4  |c Daniela Romanová 
520 |a Globálna konkurencieschopnosť. Správa o globálnej konkurencieschopnosti. Index globálnej konkurencieschopnosti (Global competitiveness index). Faktory globálnej konkurencieschopnosti. Porovnanie krajín Vyšehradskej štvorky na základe indexu globálnej konkurencieschopnosti. Faktory brániace podnikaniu v krajinách V4. 
610 2 0 |a konkurencieschopnosť 
610 2 0 |a konkurencia 
610 2 0 |a makroekonomika 
610 2 0 |a stabilita hospodárstva 
610 2 0 |a efektívnosť 
610 2 0 |a trh práce 
610 2 0 |a zdravie 
610 2 0 |a vzdelávanie 
610 2 0 |a podnikanie 
610 2 0 |a Vyšehradská štvorka 
100 1 |a Romanová, Daniela, 1984-